[Event "Aberto do Brasil CONTAUD 2022"]
[Site "Cuiaba - MT - Brasil"]
[Date "2022.10.29"]
[Round "7"]
[Board "28"]
[White "Viana, Paulo Vitor Monteiro"]
[Black "Romais, Rodrigo"]
[Result "1-0"]
[WhiteElo "1371"]
[BlackElo "1545"]
[PlyCount "65"]
[EventDate "2022.10.25"]
[EventRounds "9"]
[EventCountry "BRA"]

1. e4 e6 2. Nf3 c5 3. Nc3 a6 4. a3 b5 5. d3 Bb7 6. g3 d6 7. Bg2 Qc7 8. O-O Nd7 9.
Re1 Ngf6 10. Bg5 Be7 11. Bxf6 Bxf6 12. Rb1 O-O 13. Qd2 Rac8 14. Nd1 Rfd8 15. Ne3
d5 16. exd5 exd5 17. Ng4 c4 18. Nxf6+ Nxf6 19. c3 Ne4 20. dxe4 dxe4 21. Qe2 exf3
22. Bxf3 Bxf3 23. Qxf3 Rd3 24. Qe4 g6 25. Rbd1 Rcd8 26. Rxd3 Rxd3 27. Qa8+ Kg7 28.
Qxa6 Qc5 29. Qb7 Rd2 30. Qf3 Rxb2 31. Ra1 Rd2 32. Qe3 Rd3 33. Qxc5  1-0

[Event "Aberto do Brasil CONTAUD 2022"]
[Site "Cuiaba - MT - Brasil"]
[Date "2022.10.29"]
[Round "7"]
[Board "29"]
[White "Almeida, Bianca Martins"]
[Black "Matsunaga, Lange Cristina"]
[Result "1-0"]
[WhiteElo "1349"]
[BlackElo "1475"]
[PlyCount "101"]
[EventDate "2022.10.25"]
[EventRounds "9"]
[EventCountry "BRA"]

1. e4 e5 2. Nf3 Nc6 3. Bb5 d6 4. h3 Bd7 5. Bxc6 Bxc6 6. Nc3 Nf6 7. d4 exd4 8. Qxd4
Be7 9. O-O O-O 10. Be3 Re8 11. Rfe1 d5 12. e5 Ne4 13. Nxe4 dxe4 14. Qxd8 Raxd8 15.
Nd4 Bd7 16. Bf4 Bxh3 17. Rxe4 Bg4 18. Nb5 Bf5 19. Rc4 c6 20. Nxa7 Ra8 21. Be3 Be6
22. Rc3 Bd5 23. a3 g6 24. Rd1 Be6 25. Bb6 Bd8 26. Be3 Bd5 27. f4 f6 28. Nb5 fxe5
29. Nd6 Re7 30. fxe5 Rxe5 31. Nxb7 Bc7 32. b4 Rae8 33. Rdd3 Be4 34. Rd7 Bb8 35. Bd4
Rg5 36. Rg7+ Kf8 37. Rxh7 Rxg2+ 38. Kf1 Bg3 39. Rh8+ Ke7 40. Rxe8+ Kxe8 41. Nc5 Bd5
42. a4 Bd6 43. a5 Rh2 44. a6 Rh7 45. Re3+ Be7 46. a7 Rh1+ 47. Ke2 Bc4+ 48. Kd2 Kf7
49. Rf3+ Ke8 50. a8=Q+ Bd8 51. Qc8  1-0

[Event "Aberto do Brasil CONTAUD 2022"]
[Site "Cuiaba - MT - Brasil"]
[Date "2022.10.29"]
[Round "7"]
[Board "31"]
[White "Oliveira, Olavo Tadeu Carvalho"]
[Black "Carmo, Jose Arlindo"]
[Result "1-0"]
[WhiteElo "1440"]
[BlackElo "1604"]
[PlyCount "99"]
[EventDate "2022.10.25"]
[EventRounds "9"]
[EventCountry "BRA"]

1. d4 d5 2. c4 c6 3. Nc3 Nf6 4. Nf3 g6 5. e3 Bg4 6. cxd5 cxd5 7. Be2 Nc6 8. O-O Bg7
9. h3 Bxf3 10. Bxf3 O-O 11. Bd2 Re8 12. Qb3 Na5 13. Qb5 a6 14. Qd3 Nc4 15. Nxd5 Nxd2
16. Nxf6+ Bxf6 17. Qxd2 Rb8 18. Rfd1 Qd7 19. Rac1 h5 20. Qa5 Rec8 21. Qd5 Qe8 22.
b3 b5 23. Rc6 e6 24. Qd6 Rd8 25. Qc5 a5 26. Rc7 Rdc8 27. Rc1 Rxc7 28. Qxc7 a4 29.
bxa4 bxa4 30. Bc6 Qc8 31. Bxa4 Qxc7 32. Rxc7 Rb1+ 33. Kh2 Rb2 34. Be8 Rxf2 35. Bxf7+
Kg7 36. Bxe6+ Kh6 37. Rf7 Bh4 38. Rxf2 Bxf2 39. d5 Bxe3 40. Kg3 Bc5 41. a4 Bb4 42.
Kf4 Be7 43. Ke4 Kg7 44. a5 Kf6 45. a6 Bc5 46. Bg8 h4 47. d6 g5 48. Kd5 Ba7 49. Kc6
Bb8 50. Kb7  1-0